| 000 | 01377cas a2200433 a 4500 | ||
|---|---|---|---|
| 001 | 11394222 | ||
| 005 | 20110531120830.0 | ||
| 008 | 920730c19899999ug ar w eng | ||
| 035 | _9(DLC) 91980854 | ||
| 906 |
_a7 _bcbc _cserials _d2 _encip _f19 _gn-oclcserc |
||
| 010 | _a 91980854 | ||
| 012 | _a23-7-9706030179-p-9305 | ||
| 035 | _a(OCoLC)ocm26291235 | ||
| 040 |
_aDLC _cDLC _dNST _dDLC _dMH-L |
||
| 042 | _alc | ||
| 043 | _af-ug--- | ||
| 050 | 0 | 0 |
_aKTW490.K363 _bK35 |
| 082 | 0 | 0 |
_a348.6761/022 _a346.7610822 _220 |
| 245 | 0 | 0 |
_aKampala law reports : _bdecisions of the High Court and Supreme Court of Uganda. |
| 246 | 1 |
_iCited as: _aKALR |
|
| 260 |
_aKampala, Uganda : _bKampala Law Reports, _c[1990- |
||
| 265 | _aKampala Law Reports, P.O. Box 1773, Kampala, Uganda | ||
| 300 |
_av. ; _c32 cm. |
||
| 310 | _aAnnual | ||
| 362 | 0 | _a1989- | |
| 500 | _aTitle from cover. | ||
| 500 | _aEditor: Ladislaus Kiiza Rwakafuuzi. | ||
| 515 | _aVols. for <1992-> issued in parts. | ||
| 590 | _aSERBIB/SERLOC merged record | ||
| 650 | 0 |
_aLaw reports, digests, etc. _zUganda. |
|
| 700 | 1 | _aRwakafuuzi, Ladislaus Kiiza. | |
| 710 | 1 |
_aUganda. _bHigh Court. |
|
| 710 | 1 |
_aUganda. _bSupreme Court. |
|
| 890 |
_aKampala law reports. _i91-980854 |
||
| 920 | _aKeep 1 | ||
| 991 |
_bc-LL _hKTW490.K363 _iK35 _wSERIALS |
||
| 992 |
_bB/L _wSERLOC |
||
| 999 |
_c2312 _d2312 |
||